Glee Quotes 101 - Statistics

General Stats
  • This quiz has been taken 1,090 times
  • The average score is 11 of 17
Answer Stats
Quotes Person % Correct
"Mercedes is black, I'm gay, we make culture" Kurt Hummel
91%
"You move me, Kurt" Blaine Anderson
88%
"Just like it's in Porcelain's DNA to poop rainbow glitter" Sue Sylvester
88%
"The only straight I am is straight up bitch" Santana Lopez
87%
"The show must go... all over the place... or something" Finn Hudson
85%
"And now, performing the hit song Tik and also Tok, by rapper Ke and dollar sign ha, New Directions." Principal Figgins
79%
"The last guy I liked was the mayor of Gaytown" Mercedes Jones
77%
"Tell me if I was brilliant or simply outstanding" Rachel Berry
77%
"The thing you'd like to change about yourself is the most interesting part of you" Will Schuester
65%
"Conspiracy theories make my lips get all... chapped" Sam Evans
60%
"It's spring time. I would like to see something give birth" Brittany S. Pierce
59%
"It's physically impossible for me to twerk" Artie Abrams
58%
"I am a powerful woman, and my growing feminism will cut you in half like the righteous blade of equality!" Tina Cohen-Chang
54%
"You can't change your past, but you can let go and start your future" Quinn Fabray
51%
"Your job is to be yourself, and my job is to love you no matter what" Burt Hummel
46%
"I love the days when I don't wear underwear. Full Commando!" Noah "Puck" Puckerman
43%
"You guys complain all the time about being mistreated but you have no idea what it's like to work your butt off for something and have everyone, even your friends, ignore you." Mike Chang
38%
No matching quizzes found
Score Distribution
Percent of People with Each Score
Percentile by Number Answered
Your Score History
You have not taken this quiz